[Event "St Petersburg Autumn op"]
[Site "St Petersburg"]
[Date "2010.10.18"]
[Round "3"]
[White "Voronenkov, Sergey"]
[Black "Paliy, Vladimir"]
[Result "1-0"]
[WhiteElo "2036"]
[BlackElo "1893"]
[PlyCount "81"]
[EventDate "2010.10.16"]
[EventType "swiss"]
[EventRounds "9"]
[EventCountry "RUS"]
[SourceTitle "EXT 2011"]
[Source "ChessBase"]
[SourceDate "2010.11.26"]
[SourceVersion "1"]
[SourceVersionDate "2010.11.26"]
[SourceQuality "1"]

1. e4 c6 2. d4 d5 3. Nc3 dxe4 4. Nxe4 Bf5 5. Ng3 Bg6 6. h4 h6 7. Nf3 Nd7 8. h5 Bh7 9. Bd3 Bxd3 10. Qxd3 Qc7 11. Bd2 e6 12. Ne4 Ngf6 13. 0-0-0 Nxe4 14. Qxe4 Nf6 15. Qe2 0-0-0 16. c4 Bd6 17. g3 c5 18. Bc3 Rhe8 19. Ne5 Bxe5 20. dxe5 Nd7 21. f4 Nb8 22. Qe3 Qe7 23. g4 Nc6 24. g5 Rxd1+ 25. Rxd1 Rd8 26. Rd6 Rxd6 27. exd6 Qf8 28. Qxc5 Kd7 29. Qb5 b6 30. c5 hxg5 31. fxg5 f6 32. cxb6 axb6 33. Qf1 e5 34. h6 gxh6 35. Qh3+ Kxd6 36. gxh6 Qh8 37. h7 Ke7 38. Qg2 Nd8 39. Qg8 Nf7 40. Bb4+ Ke6 41. Bf8 1-0

[Event "St Petersburg Chigorin CC-ch"]
[Site "St Petersburg"]
[Date "2009.05.22"]
[Round "4"]
[White "Voronenkov, Sergey"]
[Black "Melnikov, Nikolay"]
[Result "1/2-1/2"]
[WhiteElo "2003"]
[BlackElo "1812"]
[PlyCount "64"]
[EventDate "2009.05.19"]
[EventType "swiss"]
[EventRounds "9"]
[EventCountry "RUS"]
[SourceTitle "CBM 130 Extra"]
[Source "ChessBase"]
[SourceDate "2009.07.02"]
[SourceVersion "2"]
[SourceVersionDate "2009.07.15"]
[SourceQuality "1"]

1. e4 e5 2. Nf3 Nf6 3. Nxe5 d6 4. Nf3 Nxe4 5. Nc3 Nxc3 6. dxc3 Be7 7. Bf4 Nc6 8. Qd2 Be6 9. Nd4 Nxd4 10. cxd4 d5 11. Bd3 Bd6 12. 0-0-0 Bxf4 13. Qxf4 Qd7 14. Rhe1 0-0-0 15. Re3 Qd6 16. Qxd6 Rxd6 17. Rde1 g6 18. f4 h5 19. Bxg6 Rg8 20. Bxh5 Rxg2 21. R1e2 Rxe2 22. Rxe2 Rd8 23. Re5 c6 24. f5 Bd7 25. Bxf7 Rh8 26. Be6 Rxh2 27. Bxd7+ Kxd7 28. f6 Rh7 29. Rg5 Rf7 30. Rg7 Ke6 31. Kd2 Kxf6 32. Rxf7+ Kxf7 1/2-1/2

[Event "St Petersburg Chigorin CC-ch"]
[Site "St Petersburg"]
[Date "2009.05.21"]
[Round "3"]
[White "Yerastov, Alexey"]
[Black "Voronenkov, Sergey"]
[Result "1-0"]
[WhiteElo "2238"]
[BlackElo "2003"]
[PlyCount "97"]
[EventDate "2009.05.19"]
[EventType "swiss"]
[EventRounds "9"]
[EventCountry "RUS"]
[SourceTitle "CBM 130 Extra"]
[Source "ChessBase"]
[SourceDate "2009.07.02"]
[SourceVersion "2"]
[SourceVersionDate "2009.07.15"]
[SourceQuality "1"]

1. g3 Nf6 2. Bg2 g6 3. b3 Bg7 4. Bb2 0-0 5. c4 c5 6. Nf3 d6 7. 0-0 e5 8. d3 Nc6 9. Nc3 Nh5 10. e3 f5 11. Nd2 f4 12. Nd5 Ne7 13. Qe2 Nxd5 14. Bxd5+ Kh8 15. Bf3 fxg3 16. fxg3 Nf6 17. Ne4 Qe7 18. Nxf6 Bxf6 19. Bg4 Be6 20. Bxe6 Qxe6 21. Rf3 Rf7 22. Raf1 Raf8 23. Qg2 Kg7 24. R3f2 Bg5 25. Qe4 Rxf2 26. Rxf2 Rxf2 27. Kxf2 Qf5+ 28. Qxf5 gxf5 29. Kf3 Kf6 30. e4 h5 31. Bc3 Bc1 32. exf5 Kxf5 33. b4 Ba3 34. b5 Bb4 35. Bb2 Bd2 36. h3 Bg5 37. Bc3 Bf6 38. Ba5 b6 39. Bd2 Bg7 40. a4 Bf6 41. a5 Bd8 42. a6 Bf6 43. g4+ hxg4+ 44. hxg4+ Ke6 45. Ke4 Be7 46. Bh6 Bd8 47. g5 Be7 48. g6 Kf6 49. Bg5+ 1-0

[Event "St Petersburg Nov op"]
[Site "St Petersburg"]
[Date "2008.11.03"]
[Round "3"]
[White "Kudrjavich, Dmitry"]
[Black "Voronenkov, Sergey"]
[Result "0-1"]
[WhiteElo "1950"]
[BlackElo "2004"]
[PlyCount "108"]
[EventDate "2008.11.01"]
[EventType "swiss"]
[EventRounds "9"]
[EventCountry "RUS"]
[SourceTitle "EXT 2010"]
[Source "ChessBase"]
[SourceDate "2010.11.25"]
[SourceVersion "1"]
[SourceVersionDate "2010.11.25"]
[SourceQuality "1"]

1. d4 d5 2. Nf3 c6 3. c4 Nf6 4. Nc3 a6 5. Bf4 b5 6. c5 a5 7. a3 g6 8. e3 Bg7 9. Bd3 0-0 10. Ne5 Nh5 11. 0-0 Nxf4 12. exf4 Qc7 13. Qd2 f6 14. Nf3 Bg4 15. Be2 Nd7 16. b4 Bh6 17. g3 e5 18. Nxe5 Bxe2 19. Qxe2 fxe5 20. fxe5 Rf5 21. f4 Nf8 22. Qg2 Rd8 23. Ne2 Ne6 24. h4 a4 25. Rf3 Rdf8 26. Raf1 Qf7 27. Qh2 Qe7 28. Kh1 Kh8 29. Kg1 R5f7 30. Kh1 Ng7 31. g4 g5 32. hxg5 Bxg5 33. f5 Ne8 34. Nf4 Bxf4 35. Rxf4 Qg5 36. R1f2 Ng7 37. f6 Ne6 38. Rf5 Qxg4 39. Rh5 Qxd4 40. Rg2 Qd1+ 41. Rg1 Qf3+ 42. Rg2 Rg8 43. Rh3 Qf1+ 44. Qg1 Qxg2+ 45. Qxg2 Rxg2 46. Kxg2 Nf4+ 47. Kg3 Nxh3 48. Kxh3 h5 49. Kg3 d4 50. Kf4 h4 51. Kf5 d3 52. e6 Kg8 53. Kg6 Rxf6+ 54. Kxf6 Kf8 0-1

[Event "St Petersburg June op"]
[Site "St Petersburg"]
[Date "2008.06.29"]
[Round "9"]
[White "Zhukov, Klim"]
[Black "Voronenkov, Sergey"]
[Result "1/2-1/2"]
[WhiteElo "2123"]
[BlackElo "1979"]
[PlyCount "47"]
[EventDate "2008.06.21"]
[EventType "swiss"]
[EventRounds "9"]
[EventCountry "RUS"]
[SourceTitle "CBM 125 Extra"]
[Source "ChessBase"]
[SourceDate "2008.09.01"]
[SourceVersion "1"]
[SourceVersionDate "2008.09.01"]
[SourceQuality "1"]

1. e4 e5 2. Nf3 Nc6 3. Bb5 a6 4. Ba4 d6 5. c3 f5 6. exf5 Bxf5 7. 0-0 Bd3 8. Re1 Be7 9. Bc2 Bxc2 10. Qxc2 Nf6 11. d4 e4 12. Ng5 d5 13. f3 h6 14. Nh3 0-0 15. Nd2 exf3 16. Nxf3 Rf7 17. Nf2 Bd6 18. Bd2 Qf8 19. Re2 Re8 20. Rxe8 Qxe8 21. c4 Ne4 22. cxd5 Nxd2 23. Qxd2 Nb4 24. Nd3 1/2-1/2